| 000 | 00655cam a22002291 4500 | ||
|---|---|---|---|
| 001 | sa 68000992 | ||
| 003 | DLC | ||
| 005 | 20260227112429.0 | ||
| 008 | 711108s1967 ii abc 00010 eng | ||
| 010 | _asa 68000992 //r85 | ||
| 025 | _aPL480:I-E-8448 | ||
| 043 | _aa-ii--- | ||
| 050 | 0 |
_aJQ539.A15 _bR3 |
|
| 082 | _a320.9/54/82 | ||
| 100 | 1 | 0 |
_aRamanujam, K. S., _d1926- |
| 245 | 1 | 4 |
_aThe big change, _cby K. S. Ramanujam. |
| 260 | 0 |
_a[Madras, _bHigginbothams, _c1967] |
|
| 300 |
_axiii, 282 p. _billus., port., map. _c19 cm. |
||
| 350 | _aRs7.50 | ||
| 650 | 0 |
_aElections _zIndia _zTamil Nadu. |
|
| 651 | 0 |
_aTamil Nadu (India) _xPolitics and government. |
|
| 999 |
_c77615 _d77615 |
||